Teacher education and the social conditions of schooling

Αποθηκεύτηκε σε:
Λεπτομέρειες βιβλιογραφικής εγγραφής
Κύριος συγγραφέας: Liston, Daniel Patrick
Άλλοι συγγραφείς: Zeichner, Kenneth M.
Μορφή: Βιβλίο
Γλώσσα:English
Δημοσίευση: New York : Routledge, 1991
Σειρά:Critical social thought
Θέματα:
Ετικέτες: Προσθήκη ετικέτας
Δεν υπάρχουν, Καταχωρήστε ετικέτα πρώτοι!

MARC

LEADER 00000nam a2200000 i 4500
001 1/95020
008 991202s1991 eng d
020 |a 0-415-90233-9 
035 |l 10055105 
040 |a GR-MY-UA  |b gre  |e aacr 
041 0 |a eng 
082 0 |a 370.7122 
100 1 |a Liston, Daniel Patrick. 
245 1 0 |a Teacher education and the social conditions of schooling /  |c Daniel P. Liston, Kenneth M. Zeichner 
260 |a New York :   |b Routledge,   |c 1991 
300 |a 293 p. 
490 1 |a Critical social thought 
650 0 0 |a Elementary school teachers  |x Training of  |z United States. 
650 0 0 |a Education  |x Social aspects  |z United States. 
700 1 |a Zeichner, Kenneth M. 
830 0 |a Critical social thought 
852 |a INST  |b RHODES  |e 19991202  |h 370.7122 LIS  |p 005400012044  |q 005400012044  |t BK  |y 0 
901 |a BIBL4-1999-3 
909 |a Ρ  |b 068212 
922 |a 4ΕΛΗ  |b 199908  |c ΚΠΣ/154  |d GLORY BOOKS 
970 |a ΚΟΥΛΑΚΙΟΤΗ  |b ΛΙΤΣΑ  |z 1999/12/02